000
00240 a2200109 4500
001
63103
082
_a
516.33NAR
090
_c
37270
_d
37270
100
_a
Narayan, Shanti
245
_a
Analytical solid geometry
260
_b
S. Chand
_c
1963
942
_a
NUST-CAE
_k
516.33NAR
999
_c
298176
_d
298176